| 000 | 01240nam a22002897a 4500 | ||
|---|---|---|---|
| 999 |
_c14410 _d14410 |
||
| 003 | EG-ScBUE | ||
| 005 | 20201108121750.0 | ||
| 008 | 100706s1978 ua f b 001 0 ara d | ||
| 040 |
_aEG-ScBUE _bara _erda _cEG-ScBUE _dEG-ScBUE |
||
| 082 | 0 | 4 |
_a892.71609 _bإ س م _222 |
| 100 | 1 |
_915332 _aإسماعيل، عز الدين، _d1929-2007، _eمؤلف. |
|
| 245 | 1 | 2 |
_aالشعر العربي المعاصر : _bقضاياه وظواهره الفنية والمعنوية / _cتأليف الدكتور عز الدين إسماعيل. |
| 250 |
_aالطبعة الثالثة _bمزيدة ومنقحة. |
||
| 264 | 1 |
_aالقاهرة : _bدار الفكر العربي، _c1978. |
|
| 300 |
_a455 صفحة : _c24 سم |
||
| 336 |
_2rdacontent _aنص _btxt |
||
| 337 |
_2rdamedia _aبدون وسيط _bn |
||
| 338 |
_2rdacarrier _aمجلد _bnc |
||
| 504 | _aيشتمل على إرجاعات ببليوجرافية. | ||
| 541 |
_aألف باء ؛ _cشراء ؛ |
||
| 650 | 7 |
_913594 _aالشعر العربي _xتاريخ ونقد _yالعصر الحديث. _2BUEsh |
|
| 650 | 7 |
_915988 _aموسيقى الشعر العربي. _2BUEsh |
|
| 651 | _2BUEsh | ||
| 653 |
_bARALIT _cNovember2020 |
||
| 655 |
_vReading book _934232 |
||
| 942 |
_2ddc _cBB |
||